00637nam a2200205Ia 450000500170000000800410001702000240005804000190008204100120010108200130011310000180012624500470014426000640019130000350025544000320029050400500032265000200037265100290039285000100042120230609152552.0131103s9999 xx 000 0 und d a521378303c8.95 pds aLoreto College aEnglish a938bCLO aClogg,Richard 2aA concise history of GreececRichard Clogg aCambridgebCambridge University Pressc1992 (1993 printing) axii,257 p.b plates ill.,maps aCambridge Concise Histories aIncludes bibliographical references and index aAncient History aGreece - Ancient History aLCLIB